[Event "The Big Bang"]
[Site "SchemingMind.com"]
[Date "2008.01.13"]
[Round "-"]
[White "thc"]
[Black "tyler199"]
[Result "0-1"]
[WhiteCountry "TUR"]
[BlackCountry "CAN"]
[WhiteElo "1434"]
[WhiteRD "127"]
[BlackElo "1682"]
[BlackRD "71"]
[GameID "137256"]

1. d4 Nf6 2. Nf3 g6 3. Bg5 Bg7 4. Bxf6 Bxf6 5. e3 c5 6. c4 Nc6 7. Be2 d5 8. O-O dxc4 9. Bxc4 cxd4 10. exd4 Nxd4
11. Nc3 Bg4 12. Be2 Nxf3+ 13. Bxf3 Qxd1 14. Raxd1 Bxf3 15. gxf3 Rd8 16. Nd5 O-O 17. b3 Kg7 18. Nxf6 Kxf6 19. Kg2 Rd6 20. Rfe1 Rfd8
21. Rc1 R8d7 22. Rc2 Rd2 23. Re2 Rxe2 24. Rxe2 e6 25. Re3 b5 26. Re2 Rd5
0-1

[Event "The Big Bang"]
[Site "SchemingMind.com"]
[Date "2008.01.18"]
[Round "-"]
[White "tyler199"]
[Black "thc"]
[Result "1-0"]
[WhiteCountry "CAN"]
[BlackCountry "TUR"]
[WhiteElo "1682"]
[WhiteRD "71"]
[BlackElo "1434"]
[BlackRD "127"]
[GameID "137257"]

1. e4 e5 2. Bc4 Nf6 3. Nc3 Nc6 4. d3 Bb4 5. Bg5 O-O 6. Ne2 h6 7. Bxf6 Qxf6 8. O-O Bxc3 9. Nxc3 d6 10. Nd5 Qg5
11. Nxc7 Bh3 12. g3 Bxf1 13. Nxa8 Bxd3 14. Qxd3 Rxa8 15. Qxd6 Rd8 16. Qc7 Nd4 17. Qxf7+ Kh7 18. c3
1-0

[Event "The Big Bang"]
[Site "SchemingMind.com"]
[Date "2008.01.13"]
[Round "-"]
[White "cdevos"]
[Black "thc"]
[Result "0-1"]
[WhiteCountry "NED"]
[BlackCountry "TUR"]
[WhiteElo "1321"]
[WhiteRD "70"]
[BlackElo "1434"]
[BlackRD "127"]
[GameID "137259"]

1. e4 e5 2. b3 Nc6 3. Nf3 d6 4. d4 Bg4 5. Bb2 Nf6 6. Qd3 Bxf3 7. gxf3 Be7 8. d5 Nd4 9. Bxd4 exd4 10. Qxd4 O-O
11. Rg1 c5 12. Qe3 Qa5+ 13. c3 b5
0-1

[Event "The Big Bang"]
[Site "SchemingMind.com"]
[Date "2008.01.13"]
[Round "-"]
[White "cdevos"]
[Black "tyler199"]
[Result "0-1"]
[WhiteCountry "NED"]
[BlackCountry "CAN"]
[WhiteElo "1321"]
[WhiteRD "70"]
[BlackElo "1682"]
[BlackRD "71"]
[GameID "137260"]

1. d4 Nf6 2. Nc3 d5 3. f3 Bf5 4. g4 Bg6 5. h4 h6 6. Bg2 e6 7. g5 hxg5 8. Bxg5 Be7 9. Bf4 Nbd7 10. a3 c5
11. Nb5 Qa5+ 12. Nc3 cxd4 13. Qxd4 Bc5 14. Qd1 d4 15. b4 Bxb4 16. axb4 Qxb4 17. Ra4 Qxc3+ 18. Bd2 Qxc2 19. Rxd4 Qxd1+ 20. Kxd1 Nd5
21. e4 N5b6 22. Bf1 O-O-O 23. Rh2 Ne5 24. Bc3 Rxd4+ 25. Bxd4 Rd8 26. Rd2 Nec4 27. Rd3 e5
0-1

[Event "The Big Bang"]
[Site "SchemingMind.com"]
[Date "2008.01.13"]
[Round "-"]
[White "thc"]
[Black "cdevos"]
[Result "1-0"]
[WhiteCountry "TUR"]
[BlackCountry "NED"]
[WhiteElo "1434"]
[WhiteRD "127"]
[BlackElo "1321"]
[BlackRD "70"]
[GameID "137261"]

1. d4 Nf6 2. Nf3 b6 3. e3 e6 4. Nc3 Bb7 5. Be2 Bb4 6. O-O Na6 7. a3 Bxc3 8. bxc3 Ne4 9. a4 Nxc3 10. Qd3 Nxe2+
11. Qxe2 c6 12. Ba3 Nc7 13. Rad1
1-0

[Event "The Big Bang"]
[Site "SchemingMind.com"]
[Date "2008.01.13"]
[Round "-"]
[White "tyler199"]
[Black "cdevos"]
[Result "1-0"]
[WhiteCountry "CAN"]
[BlackCountry "NED"]
[WhiteElo "1682"]
[WhiteRD "71"]
[BlackElo "1321"]
[BlackRD "70"]
[GameID "137262"]

1. b3 d5 2. Bb2 d4 3. Nf3 c5 4. e3 Nc6 5. Bb5 e5 6. Nxe5 dxe3 7. Nxc6 exf2+ 8. Kxf2 Qb6 9. Re1+ Be6 10. Nd4+ Kd8
11. Nxe6+ fxe6 12. Bc4 h5 13. Rxe6 Bd6 14. Bxg7 Rh7 15. Be5 Bxe5 16. Rxb6 axb6 17. Nc3 Nf6 18. h3 Kd7 19. Qe2 Re7 20. Qd3+ Bd4+
21. Kg3 Rf8 22. Nb5 Ne4+ 23. Kh2 Nf2 24. Qg6 Rf6 25. Qg8 Bxa1 26. Qd5+ Ke8 27. Nd6+ Rxd6 28. Qxd6 Be5+ 29. Qxe5 Rxe5 30. Bb5+
1-0

[Event "The Big Bang"]
[Site "SchemingMind.com"]
[Date "2008.01.16"]
[Round "-"]
[White "randy"]
[Black "cdevos"]
[Result "0-1"]
[WhiteCountry "IND"]
[BlackCountry "NED"]
[WhiteElo "1136"]
[WhiteRD "104"]
[BlackElo "1321"]
[BlackRD "70"]
[GameID "137423"]

1. e4 e5 2. Nf3 Nc6 3. Bb5 Na5 4. Nxe5 Qg5 5. f4 Qxf4 6. d4 Qxe4+ 7. Qe2 Qh4+ 8. Qf2 Qxf2+ 9. Kxf2 c6 10. Bd3 c5
11. Bd2 Nc6 12. Nxc6 dxc6 13. dxc5 Nf6 14. Re1+ Be6 15. Bc4 Bxc5+ 16. Kf1 Kd7 17. Bxe6+ fxe6 18. Nc3 Rhf8 19. Bf4 Nd5
0-1

[Event "The Big Bang"]
[Site "SchemingMind.com"]
[Date "2008.01.19"]
[Round "-"]
[White "randy"]
[Black "thc"]
[Result "0-1"]
[WhiteCountry "IND"]
[BlackCountry "TUR"]
[WhiteElo "1136"]
[WhiteRD "104"]
[BlackElo "1434"]
[BlackRD "127"]
[GameID "137424"]

1. e4 e5 2. Nf3 Nc6 3. Bb5 d6 4. d4 Nf6 5. d5 a6 6. Bxc6+ bxc6 7. dxc6 Be7 8. Nc3 O-O 9. Be3 Bg4 10. Qd2 d5
11. exd5 Bxf3 12. gxf3 Bb4
0-1

[Event "The Big Bang"]
[Site "SchemingMind.com"]
[Date "2008.01.15"]
[Round "-"]
[White "randy"]
[Black "tyler199"]
[Result "0-1"]
[WhiteCountry "IND"]
[BlackCountry "CAN"]
[WhiteElo "1210"]
[WhiteRD "101"]
[BlackElo "1843"]
[BlackRD "164"]
[GameID "137425"]

1. e4 e6 2. d4 d5 3. e5 c5 4. Nf3 Nc6 5. c3 Qb6 6. Be2 cxd4 7. cxd4 Nge7 8. O-O Nf5 9. b3 Ncxd4 10. Nxd4 Qxd4
11. Qxd4 Nxd4 12. Re1 Nc2
0-1

[Event "The Big Bang"]
[Site "SchemingMind.com"]
[Date "2008.01.15"]
[Round "-"]
[White "cdevos"]
[Black "randy"]
[Result "1-0"]
[WhiteCountry "NED"]
[BlackCountry "IND"]
[WhiteElo "1566"]
[WhiteRD "94"]
[BlackElo "1210"]
[BlackRD "101"]
[GameID "137426"]

1. d4 d5 2. e3 Nf6 3. Bd3 Nc6 4. a3 e5 5. Bb5 Bd7 6. Bxc6 Bxc6 7. dxe5 Nd7 8. Nf3 Qe7 9. Qd4 Qc5 10. Nc3 g6
11. e6 Qxd4 12. Nxd4
1-0

[Event "The Big Bang"]
[Site "SchemingMind.com"]
[Date "2008.01.15"]
[Round "-"]
[White "thc"]
[Black "randy"]
[Result "1-0"]
[WhiteCountry "TUR"]
[BlackCountry "IND"]
[WhiteElo "1434"]
[WhiteRD "127"]
[BlackElo "1136"]
[BlackRD "104"]
[GameID "137427"]

1. d4 d5 2. Nf3 Nc6 3. e3 Bg4 4. c4 Nf6 5. Bd3 e6 6. O-O Qd7 7. Nc3 dxc4 8. Bxc4 O-O-O 9. h3 Bh5 10. Re1 g5
11. Be2 g4 12. hxg4 Bxg4 13. e4 Rg8 14. Bg5 Be7 15. Bb5
1-0

[Event "The Big Bang"]
[Site "SchemingMind.com"]
[Date "2008.01.15"]
[Round "-"]
[White "tyler199"]
[Black "randy"]
[Result "1-0"]
[WhiteCountry "CAN"]
[BlackCountry "IND"]
[WhiteElo "1843"]
[WhiteRD "164"]
[BlackElo "1210"]
[BlackRD "101"]
[GameID "137428"]

1. e4 e5 2. Nf3 Nc6 3. Bc4 Bc5 4. d3 d6 5. Nc3 h6 6. h3 Nf6 7. Qe2 Bd7 8. Be3 Bxe3 9. Qxe3 g5 10. O-O-O Qe7
11. Nb5 Rc8 12. Nxa7
1-0

[Event "The Big Bang"]
[Site "SchemingMind.com"]
[Date "2008.01.15"]
[Round "-"]
[White "jesusch"]
[Black "randy"]
[Result "1-0"]
[WhiteCountry "ESP"]
[BlackCountry "IND"]
[WhiteElo "1739"]
[WhiteRD "93"]
[BlackElo "1210"]
[BlackRD "101"]
[GameID "137440"]

1. e4 e5 2. Nf3 Nc6 3. Bb5 d6 4. d4 Bd7 5. d5 Nce7 6. Bxd7+ Qxd7 7. Nc3 Nf6 8. Bg5 Nh5 9. Nxe5 dxe5 10. Qxh5 h6
11. Bh4 g6 12. Qe2 O-O-O 13. Bf6 Rh7 14. Bxe5
1-0

[Event "The Big Bang"]
[Site "SchemingMind.com"]
[Date "2008.01.14"]
[Round "-"]
[White "jesusch"]
[Black "cdevos"]
[Result "1-0"]
[WhiteCountry "ESP"]
[BlackCountry "NED"]
[WhiteElo "1783"]
[WhiteRD "89"]
[BlackElo "1321"]
[BlackRD "70"]
[GameID "137441"]

1. e4 e5 2. Nf3 d5 3. exd5 e4 4. Qe2 Nf6 5. d3 Qxd5 6. Nfd2 Qa5 7. dxe4 Bc5 8. Qb5+ Qxb5 9. Bxb5+ c6 10. Bd3 Ng4
11. O-O h5 12. h3 Ne5 13. Be2 g5 14. Nc3 b5 15. Nb3 Be7 16. f4 Nc4 17. fxg5 a5 18. a4 b4 19. Nd1
1-0

[Event "The Big Bang"]
[Site "SchemingMind.com"]
[Date "2008.01.19"]
[Round "-"]
[White "jesusch"]
[Black "thc"]
[Result "1-0"]
[WhiteCountry "ESP"]
[BlackCountry "TUR"]
[WhiteElo "1783"]
[WhiteRD "89"]
[BlackElo "1434"]
[BlackRD "127"]
[GameID "137442"]

1. e4 e5 2. Nf3 Nc6 3. Bb5 d6 4. d4 Bd7 5. O-O exd4 6. Nxd4 Nf6 7. Nc3 Be7 8. Nxc6 Bxc6 9. Bxc6+ bxc6 10. Qf3 O-O
11. b3 d5 12. Rd1 h6 13. exd5 cxd5 14. Nxd5 Nxd5 15. Rxd5 Bd6 16. Bb2
1-0

[Event "The Big Bang"]
[Site "SchemingMind.com"]
[Date "2008.01.14"]
[Round "-"]
[White "jesusch"]
[Black "tyler199"]
[Result "0-1"]
[WhiteCountry "ESP"]
[BlackCountry "CAN"]
[WhiteElo "1790"]
[WhiteRD "81"]
[BlackElo "1825"]
[BlackRD "57"]
[GameID "137443"]

1. e4 c6 2. d4 d5 3. e5 Bf5 4. Nf3 e6 5. Nbd2 Nd7 6. Nb3 Ne7 7. Be3 Bg6 8. c3 Nf5 9. Bg5 Be7 10. Bxe7 Qxe7
11. Be2 Rc8 12. Nbd2 c5 13. Qa4 a6 14. dxc5 Qxc5 15. O-O Ne7 16. Nd4 Qc7 17. f4 Nf5 18. Nxf5 Bxf5 19. g4 Qb6+ 20. Kh1 Be4+
21. Nxe4 dxe4 22. Rab1 Qe3 23. Rbe1 Qb6 24. Qxe4 Qxb2 25. c4 Nc5 26. Qb1 Qxb1 27. Rxb1 Ke7 28. f5 Rhd8 29. f6+ gxf6 30. exf6+ Kd6
31. g5 Kc7 32. Rfd1 Rd6 33. Rxd6 Kxd6 34. Kg2 Ke5 35. Kg3 Rd8 36. h4 Rd2 37. Bf3 Rd3 38. Re1+ Kd4 39. Kf4 Kxc4 40. Rb1 Rd4+
41. Ke3 Rxh4 42. Bxb7 Rh5 43. Kf4 h6 44. gxh6 Rxh6 45. Kg5 Rg6+ 46. Kh5 Rxf6 47. Rb6 Nxb7 48. Rxb7 Rf5+ 49. Kg4 Ra5 50. Rxf7 Rxa2
51. Rc7+ Kd5 52. Rd7+ Ke4 53. Re7 e5 54. Kg3 a5
0-1

[Event "The Big Bang"]
[Site "SchemingMind.com"]
[Date "2008.01.15"]
[Round "-"]
[White "randy"]
[Black "jesusch"]
[Result "0-1"]
[WhiteCountry "IND"]
[BlackCountry "ESP"]
[WhiteElo "1210"]
[WhiteRD "101"]
[BlackElo "1739"]
[BlackRD "93"]
[GameID "137444"]

1. e4 c5 2. Nf3 d6 3. d4 cxd4 4. Nxd4 Nf6 5. Nc3 a6 6. Be3 e6 7. Qd2 Nc6 8. O-O-O Be7 9. Nxc6 bxc6 10. f4 O-O
11. h4 Rb8 12. Be2 Qa5 13. g4 d5 14. b3 Bb4 15. Bd4 c5
0-1

[Event "The Big Bang"]
[Site "SchemingMind.com"]
[Date "2008.01.15"]
[Round "-"]
[White "cdevos"]
[Black "jesusch"]
[Result "0-1"]
[WhiteCountry "NED"]
[BlackCountry "ESP"]
[WhiteElo "1321"]
[WhiteRD "70"]
[BlackElo "1783"]
[BlackRD "89"]
[GameID "137445"]

1. Nf3 Nf6 2. c4 g6 3. Nc3 Bg7 4. e4 d6 5. d4 c5 6. dxc5 Qa5 7. Qa4+ Qxa4 8. Nxa4 Nxe4 9. Bd3 Nxc5 10. Nxc5 dxc5
11. Be4 f5 12. Bc2 O-O 13. O-O Nc6 14. Rb1 e5 15. Be3 Nd4 16. Ba4 Be6 17. b3 b6
0-1

[Event "The Big Bang"]
[Site "SchemingMind.com"]
[Date "2008.01.15"]
[Round "-"]
[White "thc"]
[Black "jesusch"]
[Result "0-1"]
[WhiteCountry "TUR"]
[BlackCountry "ESP"]
[WhiteElo "1434"]
[WhiteRD "127"]
[BlackElo "1783"]
[BlackRD "89"]
[GameID "137446"]

1. d4 Nf6 2. Nf3 g6 3. Bg5 Bg7 4. Bxf6 Bxf6 5. e3 O-O 6. c4 d6 7. h3 c5 8. Bd3 cxd4 9. exd4 Nc6 10. O-O Nxd4
11. Nc3 Nxf3+ 12. Qxf3 Bxc3 13. bxc3 Rb8 14. Rfe1 b6 15. Rad1 Qc7 16. Qe3 e5 17. Qg5 Be6 18. a3 Bxc4 19. Be4 f5 20. Bd5+ Bxd5
21. Rxd5 Qc6 22. Red1 Rbd8
0-1

[Event "The Big Bang"]
[Site "SchemingMind.com"]
[Date "2008.01.15"]
[Round "-"]
[White "tyler199"]
[Black "jesusch"]
[Result "1-0"]
[WhiteCountry "CAN"]
[BlackCountry "ESP"]
[WhiteElo "1702"]
[WhiteRD "109"]
[BlackElo "1787"]
[BlackRD "90"]
[GameID "137447"]

1. d4 Nf6 2. Nf3 g6 3. c3 Bg7 4. Bf4 d6 5. Nbd2 O-O 6. e4 Nbd7 7. Bc4 c5 8. O-O a6 9. Re1 b5 10. Bb3 Bb7
11. d5 Nb6 12. Bc2 e6 13. dxe6 fxe6 14. e5 dxe5 15. Nxe5 Qd5 16. Ndf3 Ng4 17. Bg3 Nxe5 18. Bxe5 Bxe5 19. Rxe5 Qxd1+ 20. Rxd1 Bxf3
21. gxf3 Rxf3 22. Rxe6 Nc4 23. Bb3 Nxb2 24. Rf6+ Kg7 25. Rxf3 Nxd1 26. Bxd1 Ra7 27. Rd3 c4 28. Rd6 Kf7 29. Bf3 Ke7 30. Rb6
1-0

[Event "The Big Bang"]
[Site "SchemingMind.com"]
[Date "2008.01.15"]
[Round "-"]
[White "kifosi"]
[Black "jesusch"]
[Result "1-0"]
[WhiteCountry "DEN"]
[BlackCountry "ESP"]
[WhiteElo "1912"]
[WhiteRD "64"]
[BlackElo "1757"]
[BlackRD "90"]
[GameID "137557"]

1. e4 c5 2. Nf3 d6 3. d4 cxd4 4. Nxd4 Nf6 5. Bd3 Nc6 6. Nxc6 bxc6 7. Nc3 e6 8. O-O Be7 9. Re1 O-O 10. Be3 e5
11. f3 d5 12. exd5 cxd5 13. Na4 d4 14. Bg5 h6 15. Bh4 Bd7 16. c3 Bxa4 17. Qxa4 dxc3 18. Bxf6 Bxf6 19. Qe4 g6 20. bxc3 Qb6+
21. Kf1 Rad8 22. Bc4 Rd2 23. Re2 Rfd8 24. Qxg6+ Bg7 25. Bxf7+ Kh8 26. Rxd2 Rxd2 27. Qxb6 axb6 28. Re1 Rxa2 29. Bxa2
1-0

[Event "The Big Bang"]
[Site "SchemingMind.com"]
[Date "2008.01.15"]
[Round "-"]
[White "kifosi"]
[Black "tyler199"]
[Result "1/2-1/2"]
[WhiteCountry "DEN"]
[BlackCountry "CAN"]
[WhiteElo "1846"]
[WhiteRD "66"]
[BlackElo "1680"]
[BlackRD "99"]
[GameID "137559"]

1. e4 e6 2. d4 d5 3. e5 c5 4. c3 Nc6 5. Nf3 Qb6 6. a3 c4 7. Nbd2 Na5 8. Be2 Bd7 9. O-O Ne7 10. Rb1 h6
11. b3 cxb3 12. Nxb3 Ba4 13. Nfd2 Rc8 14. Qc2 Nxb3 15. Nxb3 Bxb3=
1/2-1/2

[Event "The Big Bang"]
[Site "SchemingMind.com"]
[Date "2008.01.15"]
[Round "-"]
[White "jesusch"]
[Black "kifosi"]
[Result "1-0"]
[WhiteCountry "ESP"]
[BlackCountry "DEN"]
[WhiteElo "1782"]
[WhiteRD "89"]
[BlackElo "1846"]
[BlackRD "66"]
[GameID "137562"]

1. e4 e5 2. Nf3 Nc6 3. Bb5 a6 4. Ba4 Nf6 5. O-O Be7 6. Re1 b5 7. Bb3 O-O 8. c3 Bb7 9. d4 exd4 10. cxd4 Re8
11. e5 Ng4 12. h3 Nh6 13. Nc3 Na5 14. Bxh6 gxh6 15. Bc2 d6 16. Qd3
1-0

[Event "The Big Bang"]
[Site "SchemingMind.com"]
[Date "2008.01.16"]
[Round "-"]
[White "thc"]
[Black "kifosi"]
[Result "0-1"]
[WhiteCountry "TUR"]
[BlackCountry "DEN"]
[WhiteElo "1434"]
[WhiteRD "127"]
[BlackElo "1857"]
[BlackRD "64"]
[GameID "137563"]

1. e4 e5 2. Nf3 Nc6 3. Nc3 Nf6 4. Bc4 Nxe4 5. Nxe4 d5 6. Bxd5 Qxd5 7. d3 Bg4 8. O-O O-O-O 9. Bg5 f6 10. Bd2 h5
0-1

[Event "The Big Bang"]
[Site "SchemingMind.com"]
[Date "2008.01.16"]
[Round "-"]
[White "tyler199"]
[Black "kifosi"]
[Result "1/2-1/2"]
[WhiteCountry "CAN"]
[BlackCountry "DEN"]
[WhiteElo "1825"]
[WhiteRD "57"]
[BlackElo "1851"]
[BlackRD "67"]
[GameID "137564"]

1. d4 Nf6 2. Nf3 d5 3. c4 e6 4. Nc3 c6 5. e3 Bb4 6. Bd3 O-O 7. Qc2 Nbd7 8. O-O dxc4 9. Bxc4 Nb6 10. Bd3 Nbd5
11. Bd2 Qa5 12. a3 Bxc3 13. Bxc3 Nxc3 14. Qxc3 Qxc3 15. bxc3 Bd7 16. Rab1 b6 17. Ne5 Rac8 18. Rfc1 c5 19. Nxd7 Nxd7 20. Kf1 Nf6
21. Ke2 Rfd8 22. f3 Rc7 23. Rb2 cxd4 24. exd4= Nd5 25. Kd2 e5 26. Rbc2 Nf4 27. g3 Ne6 28. Ke3 Rxc3 29. Rxc3 exd4+ 30. Kd2 dxc3+
31. Rxc3 Nc5 32. Kc2 Kf8 33. Bxh7 g6 34. Re3 Kg7 35. Re7 Rd7 36. Rxd7 Nxd7 37. Bxg6 Kxg6 38. Kd3 Kf5=
1/2-1/2

[Event "The Big Bang"]
[Site "SchemingMind.com"]
[Date "2008.01.16"]
[Round "-"]
[White "dadshane2000"]
[Black "kifosi"]
[Result "1/2-1/2"]
[WhiteCountry "USA"]
[BlackCountry "DEN"]
[WhiteElo "1880"]
[WhiteRD "76"]
[BlackElo "1912"]
[BlackRD "64"]
[GameID "137612"]

1. e4 e5 2. Nf3 Nc6 3. Bb5 a6 4. Ba4 Nf6 5. O-O Be7 6. Re1 b5 7. Bb3 O-O 8. c3 d6 9. h3 Be6 10. d4 exd4
11. cxd4 Bxb3 12. axb3 Re8 13. Nc3 b4 14. Na4 a5 15. e5 dxe5 16. dxe5 Nd7 17. e6 Nf6 18. exf7+ Kxf7 19. Ng5+ Kg8 20. Ne6 Qxd1
21. Rxd1 Bd6 22. Nac5 Nd8 23. Nxd8 Bxc5 24. Nb7 Bb6 25. Be3 Bxe3 26. fxe3 Rxe3 27. Rxa5 Rxa5 28. Nxa5 Re2 29. Nc4 Kf7 30. Rf1 Ke6
31. Rf3 Kd5 32. Rg3 g6 33. Rf3 Re6 34. Rd3+ Kc5=
1/2-1/2

[Event "The Big Bang"]
[Site "SchemingMind.com"]
[Date "2008.01.17"]
[Round "-"]
[White "dadshane2000"]
[Black "randy"]
[Result "1-0"]
[WhiteCountry "USA"]
[BlackCountry "IND"]
[WhiteElo "1870"]
[WhiteRD "72"]
[BlackElo "1136"]
[BlackRD "104"]
[GameID "137613"]

1. e4 e5 2. Nf3 Nc6 3. Bb5 d6 4. d4 Bd7 5. Nc3 Nf6 6. O-O Be7 7. Re1 h6 8. Bxc6 Bxc6 9. dxe5 dxe5 10. Qxd8+ Bxd8
11. Nxe5 Bd7 12. Nxd7 Nxd7 13. e5 Bg5 14. Bxg5 hxg5 15. e6 fxe6 16. Rxe6+ Kf7 17. Rae1 Rae8 18. Rxe8 Rxe8 19. Rxe8 Kxe8 20. f3 Ke7
21. Ne4
1-0

[Event "The Big Bang"]
[Site "SchemingMind.com"]
[Date "2008.01.21"]
[Round "-"]
[White "dadshane2000"]
[Black "cdevos"]
[Result "1-0"]
[WhiteCountry "USA"]
[BlackCountry "NED"]
[WhiteElo "1870"]
[WhiteRD "72"]
[BlackElo "1321"]
[BlackRD "70"]
[GameID "137614"]

1. e4 d5 2. exd5 Qxd5 3. Nc3 Qe5+ 4. Be2 Bg4 5. d4 Bxe2 6. Ngxe2 Qa5 7. O-O Nf6 8. Bf4 Na6 9. Ng3 h5 10. Nge4 Nxe4
11. Nxe4 Qf5 12. Qf3 g6 13. c3
1-0

[Event "The Big Bang"]
[Site "SchemingMind.com"]
[Date "2008.01.16"]
[Round "-"]
[White "dadshane2000"]
[Black "jesusch"]
[Result "1-0"]
[WhiteCountry "USA"]
[BlackCountry "ESP"]
[WhiteElo "1870"]
[WhiteRD "72"]
[BlackElo "1783"]
[BlackRD "89"]
[GameID "137615"]

1. e4 c5 2. Nf3 d6 3. d4 cxd4 4. Nxd4 Nf6 5. Nc3 a6 6. Be3 g6 7. f3 Bg7 8. Bc4 O-O 9. Qd2 b5 10. Bb3 Bb7
11. O-O-O b4 12. Na4 Qa5 13. Kb1 Nc6 14. a3 bxa3 15. bxa3 Qxd2 16. Rxd2 Rab8 17. Ka2 Na5 18. Rc1 Rfc8 19. Nb6 Rc7 20. Ne2 Nxb3
21. cxb3 Rxc1 22. Nxc1 h5 23. Rc2 e6 24. Nd3 d5 25. e5 Nh7 26. Bd4 f6 27. f4 fxe5 28. Bxe5 Bxe5 29. Nxe5 g5 30. g3 gxf4
31. gxf4 Nf6 32. Rg2+ Kh7 33. Rg6 Rg8 34. Rxf6
1-0

[Event "The Big Bang"]
[Site "SchemingMind.com"]
[Date "2008.01.21"]
[Round "-"]
[White "dadshane2000"]
[Black "thc"]
[Result "1-0"]
[WhiteCountry "USA"]
[BlackCountry "TUR"]
[WhiteElo "1870"]
[WhiteRD "72"]
[BlackElo "1434"]
[BlackRD "127"]
[GameID "137616"]

1. e4 e5 2. Nf3 Nc6 3. Bb5 d6 4. d4 exd4 5. Nxd4 Bd7 6. Nc3 Nf6 7. O-O Be7 8. b3 O-O 9. Nxc6 a6 10. Nxd8 Rfxd8
11. Bxd7 Rxd7 12. Bb2 Rad8 13. Qe2 c6 14. Rad1 Re8 15. Na4
1-0

[Event "The Big Bang"]
[Site "SchemingMind.com"]
[Date "2008.01.16"]
[Round "-"]
[White "dadshane2000"]
[Black "tyler199"]
[Result "1/2-1/2"]
[WhiteCountry "USA"]
[BlackCountry "CAN"]
[WhiteElo "1862"]
[WhiteRD "82"]
[BlackElo "1825"]
[BlackRD "57"]
[GameID "137617"]

1. e4 c6 2. d4 d5 3. Nc3 dxe4 4. Nxe4 Bf5 5. Ng3 Bg6 6. h4 h6 7. Nf3 Nd7 8. h5 Bh7 9. Bd3 Bxd3 10. Qxd3 Qc7
11. Bd2 Ngf6 12. O-O-O e6 13. Kb1 O-O-O 14. Ne4 c5 15. Nc3 a6 16. Rh4 Nb6 17. Qe2 c4 18. Ne4 Nbd5 19. Ne5 Nxe4 20. Rxe4 Nf6
21. Rh4 b5 22. c3 Bd6 23. f4 Bxe5 24. dxe5 Nd5 25. Qe4 Qc5 26. Qf3 Kb8= 27. f5 Qe7 28. Be1 Nb6 29. Rhd4 Rxd4 30. Rxd4 Rd8
31. Bh4 f6 32. exf6 gxf6 33. fxe6 Rxd4 34. cxd4 Qxe6 35. Qf4+ Ka7 36. Qc7+ Ka8 37. Qd8+ Ka7 38. Qc7+ Ka8 39. Qd8+ Ka7= 40. Qxf6 Qe4+
41. Ka1 Qxg2 42. Qe7+ Ka8 43. Qd8+ Kb7 44. Qe7+ Ka8 45. Qf8+ Kb7 46. Qf7+ Ka8 47. Qf2 Qe4 48. Qf8+ Kb7 49. Qe7+ Qxe7 50. Bxe7 Nd5
51. Bf8 Nf6 52. Bxh6 Nxh5 53. Kb1 Kc6 54. Kc2 Kd5 55. Be3 Ke4 56. Bf2 b4 57. Be1 a5 58. a3 Kxd4= 59. axb4 axb4 60. Bxb4=
1/2-1/2

[Event "The Big Bang"]
[Site "SchemingMind.com"]
[Date "2008.01.17"]
[Round "-"]
[White "kifosi"]
[Black "dadshane2000"]
[Result "0-1"]
[WhiteCountry "DEN"]
[BlackCountry "USA"]
[WhiteElo "1857"]
[WhiteRD "64"]
[BlackElo "1870"]
[BlackRD "72"]
[GameID "137618"]

1. d4 Nf6 2. Bg5 e6 3. e4 h6 4. Bxf6 Qxf6 5. Nc3 Bb4 6. Nf3 d5 7. e5 Qe7 8. Qd3 b6 9. a3 Bxc3+ 10. Qxc3 O-O
11. Be2 Bb7 12. O-O= Na6 13. b4 c5 14. bxc5 bxc5 15. Rab1 c4 16. Qb2 Rab8 17. c3 Bc6 18. Qa2 Ba4 19. Rxb8 Rxb8 20. Rb1 Rxb1+
21. Qxb1 Qxa3 22. Qe1 Bc2 23. h4 Nc7 24. Qd2 Qb3 25. Ne1 Bh7
0-1

[Event "The Big Bang"]
[Site "SchemingMind.com"]
[Date "2008.01.17"]
[Round "-"]
[White "randy"]
[Black "dadshane2000"]
[Result "0-1"]
[WhiteCountry "IND"]
[BlackCountry "USA"]
[WhiteElo "1209"]
[WhiteRD "106"]
[BlackElo "1866"]
[BlackRD "72"]
[GameID "137619"]

1. e4 e5 2. Nf3 Nc6 3. Bb5 a6 4. Ba4 Nf6 5. d3 Bc5 6. O-O d6 7. h3 b5 8. Bb3 h6 9. a4 Rb8 10. c3 O-O
11. d4 Bb6 12. Re1 Bb7 13. d5 Na5 14. Ba2 c6 15. dxc6 Bxc6 16. Nbd2 bxa4 17. Nh4 Nxe4
0-1

[Event "The Big Bang"]
[Site "SchemingMind.com"]
[Date "2008.01.21"]
[Round "-"]
[White "cdevos"]
[Black "dadshane2000"]
[Result "0-1"]
[WhiteCountry "NED"]
[BlackCountry "USA"]
[WhiteElo "1321"]
[WhiteRD "70"]
[BlackElo "1870"]
[BlackRD "72"]
[GameID "137620"]

1. e4 e5 2. Nf3 Nc6 3. c3 d5 4. Qa4 Qd6 5. Qb5 dxe4 6. Ng5 Qg6 7. d4 exd4 8. cxd4 a6 9. Qa4 h6 10. Nh3 Bxh3
11. gxh3 Bb4+ 12. Bd2 Bxd2+ 13. Nxd2 Nf6 14. Rc1 O-O
0-1

[Event "The Big Bang"]
[Site "SchemingMind.com"]
[Date "2008.01.16"]
[Round "-"]
[White "jesusch"]
[Black "dadshane2000"]
[Result "0-1"]
[WhiteCountry "ESP"]
[BlackCountry "USA"]
[WhiteElo "1782"]
[WhiteRD "89"]
[BlackElo "1847"]
[BlackRD "73"]
[GameID "137621"]

1. e4 e5 2. Nf3 Nc6 3. Bb5 a6 4. Ba4 Nf6 5. O-O Be7 6. Re1 b5 7. Bb3 O-O 8. c3 d6 9. d4 Bg4 10. d5 Na5
11. Bc2 Qc8 12. h3 Bd7 13. Qd3 c6 14. Nbd2 cxd5 15. exd5 Nc4 16. b3 Nxd2 17. Bxd2 h6 18. Nh2 Re8 19. Ng4 Bxg4 20. hxg4 Qxg4
21. a4 e4 22. Qe2 Qh4 23. axb5 Ng4 24. Bf4 Bf6 25. g3 Qh2+
0-1

[Event "The Big Bang"]
[Site "SchemingMind.com"]
[Date "2008.01.16"]
[Round "-"]
[White "thc"]
[Black "dadshane2000"]
[Result "0-1"]
[WhiteCountry "TUR"]
[BlackCountry "USA"]
[WhiteElo "1434"]
[WhiteRD "127"]
[BlackElo "1870"]
[BlackRD "72"]
[GameID "137622"]

1. d4 Nf6 2. Nf3 e6 3. c4 b6 4. e3 Bb7 5. Nc3 d5 6. Be2 Bd6 7. O-O Nbd7 8. cxd5 Nxd5 9. e4 Nxc3 10. bxc3 Bxe4
11. Bd3 Nf6 12. Re1 Bxd3 13. Qxd3 O-O 14. Bg5 Be7 15. Bxf6 Bxf6 16. Rad1 c5 17. Qc2 cxd4 18. cxd4 Qd5 19. Ne5 Bxe5 20. dxe5 Qb7
21. Qa4 Rfd8 22. h3 Rd5
0-1